000
00311nam a22001337a 4500
008
180827b xxu||||| |||| 00| 0 eng d
020
_a
9780023550508
041
_a
eng
080
_a
541
100
_a
13
101
_a
KIM
245
_a
CHEMICAL INVESTIGATIONS FOR CHNAGIG TIMES
_c
MUTO,P
942
_2
udc
_c
BK
999
_c
47340
_d
47340